| 000 | 01444cam a2200253 4500 | ||
|---|---|---|---|
| 001 | ABS66398 | ||
| 008 | 030129n2003 000 0 eng u | ||
| 035 | _a(Sirsi) u121154 | ||
| 245 | _aMcKinnon and another v e.surv Ltd | ||
| 260 | _c2003 | ||
| 490 |
_aEstates Gazette Case Summaries _v[2003] 04 EG 152 (CS) (1) |
||
| 490 |
_aEstates Gazette _v[2003] 20 EG 149-153(5) |
||
| 520 | _a[2003] EHHC 475 (Ch), 14 January 2003. In June 1999 the claimants (M) purchased a property for £185 000 in reliance on the defendant surveyor's report. The report referred to minor structural movement in the property as long-standing. M were later told the risk of movement was greater than had been reported and they brought an action for negligence. Judgment was entered for M in April 2002 with damages to be assessed. M contended that the damages should reflect the difference between the purchase price and the immediate valuation. The defendant argued that the difference should be based upon the retrospective valuation. "Held" judgment was given for the defendant. | ||
| 590 | _aABS | ||
| 650 | _aNEGLIGENT VALUATION | ||
| 650 | _aASSESSMENT OF DAMAGES | ||
| 650 | _aMEASURE OF DAMAGES | ||
| 650 | _aDIMINUTION | ||
| 650 | _aSTRUCTURAL MOVEMENT | ||
| 650 | _aRETROSPECTIVE VALUATION | ||
| 650 | _aMCKINNON AND ANOTHER V E.SURV LTD | ||
| 690 | _aPROPERTY-RESIDENTIAL PROPERTY-RESIDENTIAL PROPERTY APPRAISAL AND VALUATION | ||
| 942 | _n0 | ||
| 999 |
_c71988 _d71988 |
||